|
|
|
|
| LEADER |
00000nam0a2200000 4500 |
| 001 |
299770 |
| 005 |
20231102001233.0 |
| 020 |
|
|
|a RU
|b 83-6240
|
| 035 |
|
|
|a (RuTPU)RU\TPU\book\324922
|
| 090 |
|
|
|a 299770
|
| 100 |
|
|
|a 20150702d1982 m y0rusy5003 ca
|
| 101 |
0 |
|
|a rus
|
| 102 |
|
|
|a LV
|
| 105 |
|
|
|a a j 001zy
|
| 200 |
1 |
|
|a Автоматизированные системы диспетчерского управления. АСУ производствомвом и распределением электроэнергии
|e учебное пособие
|f В. Г. Гарке
|g Рижский политехнический институт ; Рижский политехнический институт
|
| 210 |
|
|
|a Рига
|c Изд-во РПИ
|d 1982
|
| 215 |
|
|
|a 58 с.
|c ил.
|
| 320 |
|
|
|a Библиогр.: с. 58
|
| 606 |
1 |
|
|a Энергетические системы
|x Диспетчерское управление
|2 stltpush
|3 (RuTPU)RU\TPU\subj\21257
|9 46276
|
| 610 |
1 |
|
|a диспетчеризация
|
| 610 |
1 |
|
|a автоматические системы управления
|
| 610 |
1 |
|
|a АСУ
|
| 610 |
1 |
|
|a электроэнергия
|
| 610 |
1 |
|
|a распределение
|
| 610 |
1 |
|
|a математическое обеспечение
|
| 610 |
1 |
|
|a вычислительные системы
|
| 610 |
1 |
|
|a АСДУ
|
| 610 |
1 |
|
|a учебные пособия
|
| 675 |
|
|
|a 621.311:658.514(075.8)
|z rus
|v 3
|
| 700 |
|
1 |
|a Гарке
|b В. Г.
|g Владимир Георгиевич
|4 070
|
| 712 |
0 |
2 |
|a Рижский политехнический институт
|2 stltpush
|3 (RuTPU)RU\TPU\col\7561
|9 24345
|
| 712 |
0 |
2 |
|a Рижский политехнический институт
|2 stltpush
|3 (RuTPU)RU\TPU\col\7561
|9 24345
|
| 801 |
|
0 |
|a RU
|b RuMRKP
|c 19950704
|g psbo
|
| 801 |
|
1 |
|a RU
|b 63413507
|c 20150702
|
| 801 |
|
2 |
|a RU
|b 63413507
|c 20190319
|g RCR
|
| 942 |
|
|
|c BK
|